Pesticide impact on stream fauna with special reference to macroinvertebrates

Enregistré dans:
Détails bibliographiques
Auteur principal: R C Muirhead-Thomson
Format: Livre
Langue:Undetermined
Publié: Cambridge Cambridge University Press 1987
Sujets:
Tags: Ajouter un tag
Pas de tags, Soyez le premier à ajouter un tag!
Thư viện lưu trữ: Trung tâm Học liệu Trường Đại học Cần Thơ
LEADER 00626nam a2200181Ia 4500
001 CTU_30038
008 210402s9999 xx 000 0 und d
082 |a 591.24 
082 |b M953 
100 |a R C Muirhead-Thomson 
245 0 |a Pesticide impact on stream fauna with special reference to macroinvertebrates 
245 0 |c R C Muirhead-Thomson 
260 |a Cambridge 
260 |b Cambridge University Press 
260 |c 1987 
650 |a freshwater invertebrates - ecology,pesticides - environmental aspects,stream fauna - ecology 
904 |i Liên, 990129 
980 |a Trung tâm Học liệu Trường Đại học Cần Thơ